ՀՀ Գիտությունների ազգային ակադեմիայի հիմնարար գիտական գրադարան  =   Fundamental Scientific Library of NAS RA

Рахит = (Record no. 496115)

MARC details
000 -LEADER
fixed length control field 01026nam a2200253 a 4500
001 - CONTROL NUMBER
control field 001202940
003 - CONTROL NUMBER IDENTIFIER
control field AM-YeHGA
005 - DATE AND TIME OF LATEST TRANSACTION
control field 20250617162823.0
008 - FIXED-LENGTH DATA ELEMENTS--GENERAL INFORMATION
fixed length control field 170224s1927 ru |||||r|||||000|0|rus|d
040 ## - CATALOGING SOURCE
Original cataloging agency AM-YeHGA
041 1# - LANGUAGE CODE
Language code of text/sound track or separate title rus
090 ## - LOCALLY ASSIGNED LC-TYPE CALL NUMBER (OCLC); LOCAL CALL NUMBER (RLIN)
-- 499505
100 1# - MAIN ENTRY--PERSONAL NAME
Personal name Марфан, Антуан Бернар
245 10 - TITLE STATEMENT
Title Рахит =
Remainder of title Quatre lecons sur le rachitisme /
Statement of responsibility, etc. Проф. А.-Б. Марфан (A.-B. Martan); Пер. ассистента Детской клиники 2 М.Г.У. Ф.О. Маневич; Под ред. проф. А.А. Киселя.
246 11 - VARYING FORM OF TITLE
Title proper/short title Quatre lecons sur le rachitisme
260 ## - PUBLICATION, DISTRIBUTION, ETC.
Place of publication, distribution, etc. Москва :
Name of publisher, distributor, etc. Изд. М. и С. Сабашниковых,
Date of publication, distribution, etc. 1927.
300 ## - PHYSICAL DESCRIPTION
Extent 61 с., [2] с. объявл. ;
Dimensions 23 см.
650 14 - SUBJECT ADDED ENTRY--TOPICAL TERM
Topical term or geographic name entry element Медицина
650 14 - SUBJECT ADDED ENTRY--TOPICAL TERM
Topical term or geographic name entry element Болезни костей
650 14 - SUBJECT ADDED ENTRY--TOPICAL TERM
Topical term or geographic name entry element Рахит
653 0# - INDEX TERM--UNCONTROLLED
Uncontrolled term Рахит - Профилактика и борьба
700 1# - ADDED ENTRY--PERSONAL NAME
Personal name Маневич, Ф.О.
Relator term пер.
Relationship trl
700 1# - ADDED ENTRY--PERSONAL NAME
Personal name Кисель, А.А.
Relator term ред.
Relationship edt
Holdings
Withdrawn status Lost status Source of classification or shelving scheme Damaged status Not for loan Collection Home library Current library Date acquired Total checkouts Full call number Barcode Date last seen Price effective from Koha item type Public note
    Universal Decimal Classification     General Fundamental Scientific Library Fundamental Scientific Library 16/07/2019   PII/9636 FL0594127 16/07/2019 16/07/2019 Գրքեր / Books 30 Days Loan


ՀՀ ԳԱԱ հիմնարար գիտական գրադարան
ՀՀ,Երևան 0019
Մարշալ Բաղրամյան 24/6
հեռախոս:(374-10) 52-47-50
Հետադարձ կապ

All site content, except where otherwise noted, is licensed under a
Creative Commons License